MARC details
| 000 -LEADER |
| fixed length control field |
02744cam a22005054a 4500 |
| 001 - CONTROL NUMBER |
| control field |
15000059 |
| 005 - DATE AND TIME OF LATEST TRANSACTION |
| control field |
20101027094241.0 |
| 008 - FIXED-LENGTH DATA ELEMENTS--GENERAL INFORMATION |
| fixed length control field |
070830s2008 nyua b 001 0 eng |
| 010 ## - LIBRARY OF CONGRESS CONTROL NUMBER |
| LC control number |
2007036095 |
| 015 ## - NATIONAL BIBLIOGRAPHY NUMBER |
| National bibliography number |
GBA768198 |
| Source |
bnb |
| 016 7# - NATIONAL BIBLIOGRAPHIC AGENCY CONTROL NUMBER |
| Record control number |
101315452 |
| Source |
DNLM |
| 016 7# - NATIONAL BIBLIOGRAPHIC AGENCY CONTROL NUMBER |
| Record control number |
013828424 |
| Source |
Uk |
| 020 ## - INTERNATIONAL STANDARD BOOK NUMBER |
| International Standard Book Number |
0071496246 (pbk. : alk. paper) |
| 020 ## - INTERNATIONAL STANDARD BOOK NUMBER |
| International Standard Book Number |
9780071496247 (pbk. : alk. paper) |
| 035 ## - SYSTEM CONTROL NUMBER |
| System control number |
(OCoLC)ocn171150997 |
| 040 ## - CATALOGING SOURCE |
| Original cataloging agency |
DNLM/DLC |
| Transcribing agency |
DLC |
| Modifying agency |
NLM |
| -- |
BAKER |
| -- |
C#P |
| -- |
YDXCP |
| -- |
UKM |
| -- |
BTCTA |
| -- |
CDX |
| -- |
QBX |
| -- |
DLC |
| 042 ## - AUTHENTICATION CODE |
| Authentication code |
pcc |
| 082 00 - DEWEY DECIMAL CLASSIFICATION NUMBER |
| Classification number |
616.3 |
| Edition number |
22 |
| Item number |
JOH |
| 100 1# - MAIN ENTRY--PERSONAL NAME |
| Personal name |
Johnson, Joyce Young. |
| 9 (RLIN) |
23950 |
| 245 10 - TITLE STATEMENT |
| Title |
Fluids and Electrolytes Demystified / |
| Statement of responsibility, etc |
Joyce Y. Johnson, with contributions by Edward Lyons, Bennita W. Vaughans. |
| 260 ## - PUBLICATION, DISTRIBUTION, ETC. (IMPRINT) |
| Place of publication, distribution, etc |
New York : |
| Name of publisher, distributor, etc |
McGraw-Hill Medical, 2008 |
| Date of publication, distribution, etc |
c2008. |
| 300 ## - PHYSICAL DESCRIPTION |
| Extent |
xx, 227 p. : |
| Other physical details |
ill. ; |
| Dimensions |
24 cm. |
| 490 1# - Series Statement |
| Series statement |
Demystified |
| -- |
23951 |
| 500 ## - GENERAL NOTE |
| General note |
"A self-teaching guide"--Cover. |
| 504 ## - BIBLIOGRAPHY, ETC. NOTE |
| Bibliography, etc |
Includes bibliographical references (p. [211]-212) and index. |
| 505 0# - FORMATTED CONTENTS NOTE |
| Formatted contents note |
Key elements underlying fluid and electrolyte balance -- Key elements underlying acid-base balance -- General nursing assessments and diagnostic tests related to fluid, electrolyte, and acid-base balance -- Fluid volume imbalances -- Sodium imbalances -- Potassium imbalances -- Calcium imbalances -- Magnesium imbalances -- Phosphorus imbalances -- Acid-base imbalances -- Multi-system conditions related to fluid, electrolyte, and acid-base imbalances -- Conditions resulting in fluid, electrolyte, and acid-base imbalances. |
| 541 ## - IMMEDIATE SOURCE OF ACQUISITION NOTE |
| Source of acquisition |
Dr. Shahrazad ; |
| 650 #0 - SUBJECT ADDED ENTRY--TOPICAL TERM |
| Topical term or geographic name as entry element |
Water-electrolyte imbalances. |
| 9 (RLIN) |
23952 |
| 650 #0 - SUBJECT ADDED ENTRY--TOPICAL TERM |
| Topical term or geographic name as entry element |
Water-electrolyte balance (Physiology) |
| 9 (RLIN) |
23953 |
| 650 12 - SUBJECT ADDED ENTRY--TOPICAL TERM |
| Topical term or geographic name as entry element |
Water-Electrolyte Balance. |
| 9 (RLIN) |
23954 |
| 650 22 - SUBJECT ADDED ENTRY--TOPICAL TERM |
| Topical term or geographic name as entry element |
Acid-Base Equilibrium. |
| 9 (RLIN) |
23955 |
| 650 22 - SUBJECT ADDED ENTRY--TOPICAL TERM |
| Topical term or geographic name as entry element |
Acid-Base Imbalance. |
| 9 (RLIN) |
23956 |
| 650 22 - SUBJECT ADDED ENTRY--TOPICAL TERM |
| Topical term or geographic name as entry element |
Body Fluids |
| General subdivision |
physiology. |
| 9 (RLIN) |
23957 |
| 650 22 - SUBJECT ADDED ENTRY--TOPICAL TERM |
| Topical term or geographic name as entry element |
Water-Electrolyte Imbalance. |
| 9 (RLIN) |
23958 |
| 653 ## - INDEX TERM--UNCONTROLLED |
| Uncontrolled term |
Nursing |
| Resource For college |
|
| Arrived date list |
May2011 |
| 700 1# - ADDED ENTRY--PERSONAL NAME |
| Personal name |
Lyons, Edward, |
| Titles and other words associated with a name |
Ph. D. |
| 9 (RLIN) |
23959 |
| 700 1# - ADDED ENTRY--PERSONAL NAME |
| Personal name |
Vaughans, Bennita W. |
| 9 (RLIN) |
23960 |
| 830 #0 - SERIES ADDED ENTRY--UNIFORM TITLE |
| Uniform title |
McGraw-Hill "Demystified" series. |
| 9 (RLIN) |
23961 |
| 856 41 - ELECTRONIC LOCATION AND ACCESS |
| Materials specified |
Table of contents only |
| Uniform Resource Identifier |
<a href="http://www.loc.gov/catdir/enhancements/fy0804/2007036095-t.html">http://www.loc.gov/catdir/enhancements/fy0804/2007036095-t.html</a> |
| 856 42 - ELECTRONIC LOCATION AND ACCESS |
| Materials specified |
Contributor biographical information |
| Uniform Resource Identifier |
<a href="http://www.loc.gov/catdir/enhancements/fy0804/2007036095-b.html">http://www.loc.gov/catdir/enhancements/fy0804/2007036095-b.html</a> |
| 856 42 - ELECTRONIC LOCATION AND ACCESS |
| Materials specified |
Publisher description |
| Uniform Resource Identifier |
<a href="http://www.loc.gov/catdir/enhancements/fy0804/2007036095-d.html">http://www.loc.gov/catdir/enhancements/fy0804/2007036095-d.html</a> |
| 942 ## - ADDED ENTRY ELEMENTS (KOHA) |
| Source of classification or shelving scheme |
Dewey Decimal Classification |
| Item type |
|